<?xml version="1.0" encoding="UTF-8"?>
<record
    xmlns:xsi="http://www.w3.org/2001/XMLSchema-instance"
    xsi:schemaLocation="http://www.loc.gov/MARC21/slim http://www.loc.gov/standards/marcxml/schema/MARC21slim.xsd"
    xmlns="http://www.loc.gov/MARC21/slim">

  <leader>00373nam a22001577a 4500</leader>
  <controlfield tag="003">OSt</controlfield>
  <controlfield tag="005">20240330122946.0</controlfield>
  <controlfield tag="008">211021b        xxu||||| |||| 00| 0 eng d</controlfield>
  <datafield tag="020" ind1=" " ind2=" ">
    <subfield code="a"> &#x200E; 978-8170288510</subfield>
  </datafield>
  <datafield tag="040" ind1=" " ind2=" ">
    <subfield code="c">iimt university, meerut</subfield>
  </datafield>
  <datafield tag="100" ind1=" " ind2=" ">
    <subfield code="a">MAHATMA GANDHI</subfield>
  </datafield>
  <datafield tag="245" ind1=" " ind2=" ">
    <subfield code="a">HIND SWARAJ</subfield>
  </datafield>
  <datafield tag="260" ind1=" " ind2=" ">
    <subfield code="a">DELHI</subfield>
    <subfield code="b">RAJPAL &amp;SONS</subfield>
    <subfield code="c">2021</subfield>
  </datafield>
  <datafield tag="300" ind1=" " ind2=" ">
    <subfield code="a">84</subfield>
  </datafield>
  <datafield tag="942" ind1=" " ind2=" ">
    <subfield code="2">ddc</subfield>
    <subfield code="c">02</subfield>
  </datafield>
  <datafield tag="999" ind1=" " ind2=" ">
    <subfield code="c">50928</subfield>
    <subfield code="d">50928</subfield>
  </datafield>
  <datafield tag="952" ind1=" " ind2=" ">
    <subfield code="0">0</subfield>
    <subfield code="1">0</subfield>
    <subfield code="2">ddc</subfield>
    <subfield code="4">0</subfield>
    <subfield code="7">0</subfield>
    <subfield code="a">01</subfield>
    <subfield code="b">01</subfield>
    <subfield code="d">2021-10-21</subfield>
    <subfield code="e">ARISTA</subfield>
    <subfield code="g">95.00</subfield>
    <subfield code="i">HO/IN/15 13/10/2021</subfield>
    <subfield code="l">1</subfield>
    <subfield code="o">954.035</subfield>
    <subfield code="p">01-B-133211</subfield>
    <subfield code="r">2025-03-07</subfield>
    <subfield code="s">2025-03-03</subfield>
    <subfield code="u">ART</subfield>
    <subfield code="w">2021-10-21</subfield>
    <subfield code="y">02</subfield>
  </datafield>
  <datafield tag="952" ind1=" " ind2=" ">
    <subfield code="0">0</subfield>
    <subfield code="1">0</subfield>
    <subfield code="2">ddc</subfield>
    <subfield code="4">0</subfield>
    <subfield code="7">0</subfield>
    <subfield code="a">01</subfield>
    <subfield code="b">01</subfield>
    <subfield code="d">2021-10-21</subfield>
    <subfield code="e">ARISTA</subfield>
    <subfield code="g">95.00</subfield>
    <subfield code="i">HO/IN/15 13/10/2021</subfield>
    <subfield code="o">954.035</subfield>
    <subfield code="p">01-B-133212</subfield>
    <subfield code="r">2021-10-21</subfield>
    <subfield code="u">ART</subfield>
    <subfield code="w">2021-10-21</subfield>
    <subfield code="y">02</subfield>
  </datafield>
  <datafield tag="952" ind1=" " ind2=" ">
    <subfield code="0">0</subfield>
    <subfield code="1">0</subfield>
    <subfield code="2">ddc</subfield>
    <subfield code="4">0</subfield>
    <subfield code="7">0</subfield>
    <subfield code="a">01</subfield>
    <subfield code="b">01</subfield>
    <subfield code="d">2021-10-21</subfield>
    <subfield code="e">ARISTA</subfield>
    <subfield code="g">95.00</subfield>
    <subfield code="i">HO/IN/15 13/10/2021</subfield>
    <subfield code="l">2</subfield>
    <subfield code="o">954.035</subfield>
    <subfield code="p">01-B-133213</subfield>
    <subfield code="r">2024-10-08</subfield>
    <subfield code="s">2024-09-30</subfield>
    <subfield code="u">ART</subfield>
    <subfield code="w">2021-10-21</subfield>
    <subfield code="y">02</subfield>
  </datafield>
  <datafield tag="952" ind1=" " ind2=" ">
    <subfield code="0">0</subfield>
    <subfield code="1">0</subfield>
    <subfield code="2">ddc</subfield>
    <subfield code="4">0</subfield>
    <subfield code="7">0</subfield>
    <subfield code="a">01</subfield>
    <subfield code="b">01</subfield>
    <subfield code="d">2021-10-21</subfield>
    <subfield code="e">ARISTA</subfield>
    <subfield code="g">95.00</subfield>
    <subfield code="i">HO/IN/15 13/10/2021</subfield>
    <subfield code="o">954.035</subfield>
    <subfield code="p">01-B-133214</subfield>
    <subfield code="r">2021-10-21</subfield>
    <subfield code="u">ART</subfield>
    <subfield code="w">2021-10-21</subfield>
    <subfield code="y">02</subfield>
  </datafield>
  <datafield tag="952" ind1=" " ind2=" ">
    <subfield code="0">0</subfield>
    <subfield code="1">0</subfield>
    <subfield code="2">ddc</subfield>
    <subfield code="4">0</subfield>
    <subfield code="7">0</subfield>
    <subfield code="a">01</subfield>
    <subfield code="b">01</subfield>
    <subfield code="d">2021-10-21</subfield>
    <subfield code="e">ARISTA</subfield>
    <subfield code="g">95.00</subfield>
    <subfield code="i">HO/IN/15 13/10/2021</subfield>
    <subfield code="l">4</subfield>
    <subfield code="o">954.035</subfield>
    <subfield code="p">01-B-133215</subfield>
    <subfield code="r">2024-09-19</subfield>
    <subfield code="s">2024-09-17</subfield>
    <subfield code="u">ART</subfield>
    <subfield code="w">2021-10-21</subfield>
    <subfield code="y">02</subfield>
  </datafield>
  <datafield tag="952" ind1=" " ind2=" ">
    <subfield code="0">0</subfield>
    <subfield code="1">0</subfield>
    <subfield code="2">ddc</subfield>
    <subfield code="4">0</subfield>
    <subfield code="7">0</subfield>
    <subfield code="a">01</subfield>
    <subfield code="b">01</subfield>
    <subfield code="d">2021-10-21</subfield>
    <subfield code="e">ARISTA</subfield>
    <subfield code="g">95.00</subfield>
    <subfield code="i">HO/IN/15 13/10/2021</subfield>
    <subfield code="o">954.035</subfield>
    <subfield code="p">01-B-133216</subfield>
    <subfield code="r">2021-10-21</subfield>
    <subfield code="u">ART</subfield>
    <subfield code="w">2021-10-21</subfield>
    <subfield code="y">02</subfield>
  </datafield>
  <datafield tag="952" ind1=" " ind2=" ">
    <subfield code="0">0</subfield>
    <subfield code="1">0</subfield>
    <subfield code="2">ddc</subfield>
    <subfield code="4">0</subfield>
    <subfield code="7">0</subfield>
    <subfield code="a">01</subfield>
    <subfield code="b">01</subfield>
    <subfield code="d">2021-10-21</subfield>
    <subfield code="e">ARISTA</subfield>
    <subfield code="g">95.00</subfield>
    <subfield code="i">HO/IN/15 13/10/2021</subfield>
    <subfield code="o">954.035</subfield>
    <subfield code="p">01-B-133217</subfield>
    <subfield code="r">2021-10-21</subfield>
    <subfield code="u">ART</subfield>
    <subfield code="w">2021-10-21</subfield>
    <subfield code="y">02</subfield>
  </datafield>
  <datafield tag="952" ind1=" " ind2=" ">
    <subfield code="0">0</subfield>
    <subfield code="1">0</subfield>
    <subfield code="2">ddc</subfield>
    <subfield code="4">0</subfield>
    <subfield code="7">0</subfield>
    <subfield code="a">01</subfield>
    <subfield code="b">01</subfield>
    <subfield code="d">2021-10-21</subfield>
    <subfield code="e">ARISTA</subfield>
    <subfield code="g">95.00</subfield>
    <subfield code="i">HO/IN/15 13/10/2021</subfield>
    <subfield code="o">954.035</subfield>
    <subfield code="p">01-B-133218</subfield>
    <subfield code="r">2021-10-21</subfield>
    <subfield code="u">ART</subfield>
    <subfield code="w">2021-10-21</subfield>
    <subfield code="y">02</subfield>
  </datafield>
  <datafield tag="952" ind1=" " ind2=" ">
    <subfield code="0">0</subfield>
    <subfield code="1">0</subfield>
    <subfield code="2">ddc</subfield>
    <subfield code="4">0</subfield>
    <subfield code="7">0</subfield>
    <subfield code="a">01</subfield>
    <subfield code="b">01</subfield>
    <subfield code="d">2021-10-21</subfield>
    <subfield code="e">ARISTA</subfield>
    <subfield code="g">95.00</subfield>
    <subfield code="i">HO/IN/15 13/10/2021</subfield>
    <subfield code="l">1</subfield>
    <subfield code="o">954.035</subfield>
    <subfield code="p">01-B-133219</subfield>
    <subfield code="r">2022-08-04</subfield>
    <subfield code="s">2021-11-16</subfield>
    <subfield code="u">ART</subfield>
    <subfield code="w">2021-10-21</subfield>
    <subfield code="y">02</subfield>
  </datafield>
  <datafield tag="952" ind1=" " ind2=" ">
    <subfield code="0">0</subfield>
    <subfield code="1">0</subfield>
    <subfield code="2">ddc</subfield>
    <subfield code="4">0</subfield>
    <subfield code="7">0</subfield>
    <subfield code="a">01</subfield>
    <subfield code="b">01</subfield>
    <subfield code="d">2021-10-21</subfield>
    <subfield code="e">ARISTA</subfield>
    <subfield code="g">95.00</subfield>
    <subfield code="i">HO/IN/15 13/10/2021</subfield>
    <subfield code="l">1</subfield>
    <subfield code="o">954.035</subfield>
    <subfield code="p">01-B-133220</subfield>
    <subfield code="r">2022-08-13</subfield>
    <subfield code="s">2021-12-28</subfield>
    <subfield code="u">ART</subfield>
    <subfield code="w">2021-10-21</subfield>
    <subfield code="y">02</subfield>
  </datafield>
  <datafield tag="952" ind1=" " ind2=" ">
    <subfield code="0">0</subfield>
    <subfield code="1">0</subfield>
    <subfield code="2">ddc</subfield>
    <subfield code="4">0</subfield>
    <subfield code="7">0</subfield>
    <subfield code="a">01</subfield>
    <subfield code="b">01</subfield>
    <subfield code="d">2021-10-21</subfield>
    <subfield code="e">ARISTA</subfield>
    <subfield code="g">95.00</subfield>
    <subfield code="i">HO/IN/15 13/10/2021</subfield>
    <subfield code="o">954.035</subfield>
    <subfield code="p">01-B-133221</subfield>
    <subfield code="r">2021-10-21</subfield>
    <subfield code="u">ART</subfield>
    <subfield code="w">2021-10-21</subfield>
    <subfield code="y">02</subfield>
  </datafield>
  <datafield tag="952" ind1=" " ind2=" ">
    <subfield code="0">0</subfield>
    <subfield code="1">0</subfield>
    <subfield code="2">ddc</subfield>
    <subfield code="4">0</subfield>
    <subfield code="7">0</subfield>
    <subfield code="a">01</subfield>
    <subfield code="b">01</subfield>
    <subfield code="d">2021-10-21</subfield>
    <subfield code="e">ARISTA</subfield>
    <subfield code="g">95.00</subfield>
    <subfield code="i">HO/IN/15 13/10/2021</subfield>
    <subfield code="o">954.035</subfield>
    <subfield code="p">01-B-133222</subfield>
    <subfield code="r">2021-10-21</subfield>
    <subfield code="u">ART</subfield>
    <subfield code="w">2021-10-21</subfield>
    <subfield code="y">02</subfield>
  </datafield>
  <datafield tag="952" ind1=" " ind2=" ">
    <subfield code="0">0</subfield>
    <subfield code="1">0</subfield>
    <subfield code="2">ddc</subfield>
    <subfield code="4">0</subfield>
    <subfield code="7">0</subfield>
    <subfield code="a">01</subfield>
    <subfield code="b">01</subfield>
    <subfield code="d">2021-10-21</subfield>
    <subfield code="e">ARISTA</subfield>
    <subfield code="g">95.00</subfield>
    <subfield code="i">HO/IN/15 13/10/2021</subfield>
    <subfield code="o">954.035</subfield>
    <subfield code="p">01-B-133223</subfield>
    <subfield code="r">2021-10-21</subfield>
    <subfield code="u">ART</subfield>
    <subfield code="w">2021-10-21</subfield>
    <subfield code="y">02</subfield>
  </datafield>
  <datafield tag="952" ind1=" " ind2=" ">
    <subfield code="0">0</subfield>
    <subfield code="1">0</subfield>
    <subfield code="2">ddc</subfield>
    <subfield code="4">0</subfield>
    <subfield code="7">0</subfield>
    <subfield code="a">01</subfield>
    <subfield code="b">01</subfield>
    <subfield code="d">2021-10-21</subfield>
    <subfield code="e">ARISTA</subfield>
    <subfield code="g">95.00</subfield>
    <subfield code="i">HO/IN/15 13/10/2021</subfield>
    <subfield code="l">2</subfield>
    <subfield code="o">954.035</subfield>
    <subfield code="p">01-B-133224</subfield>
    <subfield code="r">2022-11-17</subfield>
    <subfield code="s">2022-11-10</subfield>
    <subfield code="u">ART</subfield>
    <subfield code="w">2021-10-21</subfield>
    <subfield code="y">02</subfield>
  </datafield>
</record>
